Statistics for WWE in Saudi Arabia PPV Quiz

Click here to take the quiz!

General Stats

  • This quiz has been taken 21 times
  • The average score is 10 of 20

Answer Stats

QuestionAnswer% Correct
In which year Super ShowDown wasn't in Saudi Arabia?2018
88%
In which year Elimination Chamber took a place in Saudi Arabia?2022
88%
Who was the winner?Braun Strowman
82%
What was the first WWE PPV event in Saudi Arabia?Greatest Royal Rumble
82%
Which youtuber main evented Crown Jewel 2022?Logan Paul
76%
Who won that trophy?Shane McMahon
65%
Who won men's Elimination Chamber match in 2022?Brock Lesnar
59%
Which British boxer have a fougth on Crown Jewel 2019?Tyson Fury
59%
Who was unable to compete men's Elimination Chamber match before even he was introduced to the fight?Bobby Lashley
47%
Who won that tittle in the final of tournament?Seth Rollins
47%
What wrestler was the loser of that final?AJ Styles
41%
In which country this PPV took place?Australia
41%
Who won women's Elimination Chamber match in 2022?Bianca Belair
41%
For what tittle was the opener match at Night of Champions 2023?World Heavyweight Championship
41%
Who won that trophy?The Undertaker
29%
How many competitors exactly was in this battle royal?51
24%
Who was the winner?Mansoor
24%
Where was the WWE World Cup?Crown Jewel 2018
6%
Where was the 50-Man Battle Royal?Super ShowDown 2019
6%
Where was the Tuwaiq Mountain Trophy Gauntlet match?Super ShowDown 2020
6%

Score Distribution

Percentile by Number Answered

Percent of People with Each Score

Your Score History

You have not taken this quiz